[Event "13. Golden Prague Open"]
[Site "Praha"]
[Date "2017.07.04"]
[Round "4.19"]
[White "Nemecek, Lukas"]
[Black "Day, Tobias"]
[Result "1-0"]
[WhiteElo "1641"]
[BlackElo "1187"]
[Annotator ""]
[Source ""]
[Remark ""]

1.e4 d6 2.d4 g6 3.c4 Nf6 4.Nc3 Bg7 5.Nf3 a6 6.Be2 e6 7.O-O O-O
8.h3 Qe7 9.Qc2 Rd8 10.Be3 b6 11.Rad1 Bb7 12.d5 exd5 13.exd5 Nbd7
14.Rfe1 c5 15.dxc6 Bxc6 16.Nd5 Nxd5 17.cxd5 Bb7 18.Bg5 f6 19.Bf4
Ne5 20.Bxe5 fxe5 21.Qe4 Rf8 22.Nd4 Qf6 23.Nf3 Qe7 24.g3 Bc8 25.Kg2
Bh6 26.Qb4 b5 27.Nd2 Bb7 28.Ne4 Rad8 29.Bg4 Kh8 30.Re2 Bc8 31.Bxc8
Rxc8 32.Qxd6 Qxd6 33.Nxd6 Rcd8 34.Ne4 Bg7 35.Nc5 Ra8 36.d6 Bf6
37.Nd7 Rf7 38.Nxf6 Rxf6 39.Rxe5 Rd8 40.d7 Rff8 41.Re7 Kg8 42.Rde1
Kh8 43.Re8 Kg7 44.R8e7+ Kg8 45.g4 h5 46.g5 b4 47.R1e6 a5 48.Rxg6+
Kh8 49.Reg7 1-0

[Event "13. Golden Prague Open"]
[Site "Praha"]
[Date "2017.07.04"]
[Round "4.20"]
[White "Veselsky, Jan"]
[Black "Rous, Dominik"]
[Result "1-0"]
[WhiteElo "1672"]
[BlackElo "1148"]
[Annotator ""]
[Source ""]
[Remark ""]

1.d4 d5 2.c4 c6 3.Nf3 Bf5 4.Nc3 e6 5.cxd5 exd5 6.Qb3 Qc8 7.Bf4
Nf6 8.e3 Ne4 9.Rc1 Nxc3 10.Rxc3 Be6 11.Bd3 c5 12.dxc5 d4 13.Qa4+
Qc6 14.Bb5 dxc3 15.Bxb8 Rxb8 16.bxc3 a6 17.Bxc6+ bxc6 18.Qxc6+
Bd7 19.Qe4+ Be6 20.Qa4+ Bd7 21.Qc2 Bxc5 22.O-O Bb5 23.Qe4+ Be7
24.Rb1 Rd8 25.Nd4 Kf8 26.c4 Bxc4 27.Nc6 Bd3 28.Qxe7+ 1-0

[Event "13. Golden Prague Open"]
[Site "Praha"]
[Date "2017.07.04"]
[Round "4.21"]
[White "Scipione, Andrea"]
[Black "Husa, Daniel"]
[Result "0-1"]
[WhiteElo "1312"]
[BlackElo "1602"]
[Annotator ""]
[Source ""]
[Remark ""]

1.d4 c5 2.c3 cxd4 3.cxd4 Nf6 4.Nc3 g6 5.Bg5 Bg7 6.e3 O-O 7.Bd3
Nc6 8.Nge2 d6 9.O-O Qb6 10.Qd2 Bd7 11.Rac1 Rac8 12.Bxf6 exf6
13.Ng3 Ne7 14.Qe2 a6 15.Rc2 Rc7 16.h4 Rfc8 17.h5 Qa5 18.a3 f5
19.Qf3 Be6 20.Qf4 Nd5 21.Nxd5 Qxd5 22.Rfc1 Rxc2 23.Bxc2 Qb5 24.h6
Bf8 25.Nh5 Qxb2 26.Rb1 Qxc2 27.Rxb7 Qd1+ 28.Kh2 Qxh5+ 29.Kg1
Rc1# 0-1

[Event "13. Golden Prague Open"]
[Site "Praha"]
[Date "2017.07.04"]
[Round "4.22"]
[White "Barton, Milan"]
[Black "Drahorad, Daniel"]
[Result "0-1"]
[WhiteElo "1823"]
[BlackElo "1995"]
[Annotator ""]
[Source ""]
[Remark ""]

1.e4 e6 2.d4 d5 3.Nd2 Nf6 4.Bd3 c5 5.dxc5 dxe4 6.Nxe4 Nxe4 7.Bxe4
Qxd1+ 8.Kxd1 Bxc5 9.Ke2 Nc6 10.c3 f5 11.Bc2 O-O 12.Be3 Bxe3 13.Kxe3
Ne5 14.b3 Bd7 15.f3 Rac8 16.Ne2 Bc6 17.Rhd1 Ng6 18.Rd6 e5 19.Rad1
Rce8 20.c4 Nh4 21.Kf2 e4 22.Nd4 f4 23.Nxc6 e3+ 24.Ke2 bxc6 25.Be4
Rxe4 26.fxe4 Nxg2 27.Rf1 g5 28.e5 g4 29.Rd4 f3+ 30.Kd3 h5 31.Re4
Rd8+ 32.Kc3 e2 0-1

[Event "13. Golden Prague Open"]
[Site "Praha"]
[Date "2017.07.04"]
[Round "4.23"]
[White "Bara, Josef"]
[Black "Bartos, Vaclav"]
[Result "0-1"]
[WhiteElo "1380"]
[BlackElo "1371"]
[Annotator ""]
[Source ""]
[Remark ""]

1.d4 d5 2.c4 c6 3.cxd5 cxd5 4.Nc3 Nf6 5.Nf3 Bg4 6.e3 e6 7.Be2
Nbd7 8.O-O a6 9.a4 Bd6 10.Bd2 Qc7 11.Rc1 Bxf3 12.Nxd5 Bxh2+ 13.Kh1
Bxd5 14.Rxc7 Bxc7 15.f3 O-O 16.e4 Bc6 17.Bc3 Nh5 18.e5 Ng3+ 19.Kg1
Nxf1 20.Kxf1 b5 21.a5 f6 22.Qc2 Rf7 23.Bb4 Nb8 24.Bc3 f5 25.Qb3
Bd5 26.Qc2 Nc6 27.b4 Rc8 28.Qd2 Bb8 29.Bd3 Ba7 30.Bb1 Rfc7 31.Bb2
Rd7 32.Ke2 Bc4+ 33.Ke3 Rcd8 34.g4 Nxd4 35.Bxd4 Bxd4+ 36.Kf4 Bxe5+ 0-1

[Event "13. Golden Prague Open"]
[Site "Praha"]
[Date "2017.07.04"]
[Round "4.25"]
[White "Rezek, Filip"]
[Black "Zubek, Rudolf"]
[Result "1/2-1/2"]
[WhiteElo "1199"]
[BlackElo "1349"]
[Annotator ""]
[Source ""]
[Remark ""]

1.d4 Nf6 2.c4 e6 3.Nc3 c5 4.d5 d6 5.e4 Nbd7 6.Nf3 Be7 7.Bd3 O-O
8.O-O e5 9.h3 Nh5 10.b3 Bh4 11.Bc2 Nb6 12.Nxe5 Nf6 13.Nf3 Nfd7
14.Bf4 Bf6 15.Bxd6 Bxc3 16.Bxf8 Bxa1 17.Qxa1 Kxf8 18.e5 h6 19.Nd2 1/2-1/2

[Event "13. Golden Prague Open"]
[Site "Praha"]
[Date "2017.07.05"]
[Round "5.1"]
[White "Haba, Zdenek"]
[Black "Anaskin, Arsenij"]
[Result "1-0"]
[WhiteElo "2177"]
[BlackElo "2216"]
[Annotator ""]
[Source ""]
[Remark ""]

1.d4 d6 2.c4 f5 3.g3 Nf6 4.Bg2 g6 5.Nf3 Bg7 6.O-O O-O 7.Nc3 Qe8
8.b3 Na6 9.Bb2 e5 10.dxe5 dxe5 11.e4 fxe4 12.Ng5 Bg4 13.Qb1 Qe7
14.Ngxe4 c6 15.Nxf6+ Rxf6 16.Ne4 Rf7 17.Qc1 Nb4 18.Qg5 Qxg5 19.Nxg5
Rd7 20.h3 Be2 21.Rfe1 Nc2 22.Rxe2 Nxa1 23.Ne6 Rd1+ 24.Kh2 Bf8
25.Nxf8 Rxf8 26.Bxe5 Re8 27.c5 Rc1 28.f4 Rd1 29.Bf3 a5 30.Kg2
Rc1 31.Be4 Rd8 32.Bd6 b6 33.Bxc6 Rd1 34.Bb5 bxc5 35.Bc4+ Kg7
36.Be5+ Kf8 37.Kf3 Rc1 38.Bb2 Rf1+ 39.Kg4 Rfd1 40.Ba3 Rc8 41.Kg5
Rg1 42.g4 Rh1 43.Re5 Nc2 44.Bxc5+ Kg7 45.Re7+ Kh8 46.Bd6 1-0

[Event "13. Golden Prague Open"]
[Site "Praha"]
[Date "2017.07.05"]
[Round "5.2"]
[White "Novy, Filip"]
[Black "Plasek, Zdenek"]
[Result "1-0"]
[WhiteElo "2148"]
[BlackElo "2002"]
[Annotator ""]
[Source ""]
[Remark ""]

1.c4 e6 2.g3 d5 3.Bg2 Nf6 4.cxd5 exd5 5.Nf3 c6 6.O-O Bd6 7.b3
O-O 8.Bb2 Be6 9.d3 Qe7 10.Nbd2 Ba3 11.Bc3 Bb4 12.Bb2 Ba3 13.Bc3
Bb4 14.Bxb4 Qxb4 15.a3 Qe7 16.b4 Nbd7 17.Nb3 Rfe8 18.Qc2 Rad8
19.Rae1 Nf8 20.h3 Bc8 21.Nfd2 Ne6 22.f4 Qd6 23.Kh2 h6 24.e3 Re7
25.Nf3 Rde8 26.Nh4 Nf8 27.e4 dxe4 28.dxe4 Qd8 29.Nc5 Qc7 30.e5
Nd5 31.Ne4 Qb6 32.Qb3 Rd8 33.Nd6 Nc7 34.f5 Nb5 35.Nc4 Qc7 36.a4
Nd4 37.Qc3 c5 38.Nd6 b6 39.Bd5 Rxd6 40.exd6 Qxd6 41.bxc5 bxc5
42.Rxe7 Qxe7 43.Ng6 Qd6 44.Qc4 Bxf5 45.Bxf7+ Kh7 46.Bg8+ Kxg6
47.Qf7+ Kg5 48.h4+ Kg4 49.Rf4+ Qxf4 50.gxf4 Nfe6 51.Qxa7 Nxf4
52.Qxg7+ Kf3 53.Bd5+ Nxd5 54.Qg2+ Kf4 55.Qxd5 Nf3+ 56.Kg2 Nxh4+
57.Kf2 Be4 58.Qd6+ Kg5 59.Qg3+ Kh5 60.Qe5+ Bf5 61.Kg3 1-0

[Event "13. Golden Prague Open"]
[Site "Praha"]
[Date "2017.07.05"]
[Round "5.4"]
[White "Janacek, Jaroslav"]
[Black "Koper, Stefan"]
[Result "0-1"]
[WhiteElo "2012"]
[BlackElo "1931"]
[Annotator ""]
[Source ""]
[Remark ""]

1.b3 Nf6 2.Bb2 g6 3.e4 d6 4.f4 Bg7 5.Nf3 O-O 6.e5 Nd5 7.g3 c5
8.c4 Nb4 9.a3 N4c6 10.Qe2 Bg4 11.Bg2 dxe5 12.fxe5 Nd4 13.Bxd4
cxd4 14.h3 Bxf3 15.Bxf3 Nc6 16.Bxc6 bxc6 17.O-O Qb8 18.Re1 Qxb3
19.d3 c5 20.Nd2 Qb6 21.Rab1 Qa6 22.Rb3 Rab8 23.Reb1 Rxb3 24.Rxb3
Qe6 25.Kg2 Bxe5 26.Nf3 f6 27.Rb7 Qd6 28.Rxa7 Rf7 29.g4 Qc6 30.a4
Bd6 31.Qe6 Kg7 32.Qd7 Qxd7 33.Rxd7 Rf8 34.Nd2 f5 35.gxf5 gxf5
36.Ra7 Rb8 37.Nf3 Kf6 38.a5 Rb2+ 39.Kf1 Bg3 40.Ra6+ e6 41.Ng1
Rf2+ 42.Ke1 Rg2+ 43.Kf1 Rd2 44.Rc6 Rf2+ 45.Ke1 Ra2+ 46.Kd1 Rxa5
47.Ne2 Bh2 48.Rc8 Bd6 49.Rc6 Ke7 50.Rb6 Ra7 51.Rb1 h6 52.Ng1
Ra3 53.Ke2 Ra2+ 54.Kf3 Ra3 55.Ke2 e5 56.Rb7+ Ke6 57.Rh7 e4 58.dxe4
fxe4 59.Rxh6+ Kd7 60.Rh7+ Kc6 61.h4 Bf4 62.Rf7 d3+ 63.Kf1 Be5
64.h5 Bd4 65.Kg2 Ra2+ 66.Kh3 Bxg1 67.Rf6+ Kd7 68.Rg6 Rh2+ 69.Kg4
d2 70.Rg7+ Ke8 71.Kf5 d1Q 72.Ke6 Kf8 73.Rf7+ Kg8 74.Rf4 Qxh5 0-1

[Event "13. Golden Prague Open"]
[Site "Praha"]
[Date "2017.07.05"]
[Round "5.5"]
[White "Frost, Peter"]
[Black "Martirosyan, Ara"]
[Result "0-1"]
[WhiteElo "1934"]
[BlackElo "1878"]
[Annotator ""]
[Source ""]
[Remark ""]

1.c4 Nf6 2.Nc3 g6 3.e4 d6 4.d4 Bg7 5.h3 O-O 6.Bg5 c5 7.d5 e6
8.Bd3 a6 9.Nge2 h6 10.Be3 exd5 11.cxd5 Nbd7 12.O-O Ne5 13.Bc2
Nc4 14.Bc1 b5 15.b3 Nb6 16.Bb2 Re8 17.f3 b4 18.Nb1 Nfxd5 19.Bxg7
Ne3 20.Qd2 Qg5 21.g4 Nxf1 22.Qxg5 hxg5 23.Bf6 Ne3 24.Bd3 c4 25.bxc4
Nexc4 26.Bxg5 Ne5 27.Be3 Nxf3+ 28.Kf2 Ne5 29.Bc2 Nbc4 30.Bf4
Bb7 31.Nd2 Rac8 32.Nd4 Nxd2 33.Bxd2 Nc4 34.Bf4 Bxe4 35.Ba4 Re7
36.Bg5 Rec7 37.Re1 Bd5 38.h4 Nb2 39.Bc2 Rxc2+ 40.Nxc2 Nd3+ 0-1

[Event "13. Golden Prague Open"]
[Site "Praha"]
[Date "2017.07.05"]
[Round "5.6"]
[White "Sura, Jaroslav"]
[Black "Pokorny, Jan"]
[Result "0-1"]
[WhiteElo "2059"]
[BlackElo "1835"]
[Annotator ""]
[Source ""]
[Remark ""]

1.d4 Nf6 2.c4 g6 3.Nc3 Bg7 4.e4 d6 5.f3 O-O 6.Be3 Nbd7 7.Bd3
c5 8.d5 a6 9.a4 b6 10.Nge2 Ne5 11.O-O Nxd3 12.Qxd3 Ne8 13.Rae1
Bd7 14.b3 Nc7 15.Qd2 b5 16.cxb5 axb5 17.Nxb5 Nxb5 18.axb5 Rb8
19.b4 cxb4 20.b6 Rxb6 21.Bxb6 Qxb6+ 22.Kh1 Ra8 23.Rc1 b3 24.Nc3
b2 25.Rcd1 Ba4 26.Nxa4 Rxa4 27.Qc2 Qa6 28.Rb1 Ra1 29.Rfd1 g5
30.g3 Rxb1 31.Rxb1 Bd4 32.Kg2 Qa3 33.Re1 Qa5 34.Rd1 Qb4 35.Rb1
h5 36.h3 Kg7 37.Kh2 Qa3 38.Kg2 f6 39.Qd2 Be5 40.f4 Bc3 41.Qe2
Qb3 42.Qd1 Qb4 43.Qc2 Qd4 44.fxg5 fxg5 45.Rd1 Qe3 46.Rf1 Qd2+
47.Qxd2 Bxd2 48.Rb1 Bc1 49.e5 dxe5 50.Kf3 g4+ 51.hxg4 hxg4+ 52.Kxg4
e4 53.Kh3 Kg6 54.Kg2 Kf5 55.Kf2 Kg4 56.Rxb2 Bxb2 57.Ke3 Ba3 58.Kxe4
Bd6 59.Ke3 Kxg3 60.Ke4 Kg4 0-1

[Event "13. Golden Prague Open"]
[Site "Praha"]
[Date "2017.07.05"]
[Round "5.7"]
[White "Hurtak, Otto"]
[Black "Kuhnmund, Ivan"]
[Result "1/2-1/2"]
[WhiteElo "2050"]
[BlackElo "1644"]
[Annotator ""]
[Source ""]
[Remark ""]

1.d4 c6 2.c4 Qc7 3.Nc3 d6 4.e4 e5 5.Nf3 Bg4 6.Be2 Nd7 7.O-O Be7
8.Be3 Ngf6 9.Qd2 O-O 10.Rfd1 Rfe8 11.h3 Bh5 12.dxe5 dxe5 13.g4
Bg6 14.g5 1/2-1/2

[Event "13. Golden Prague Open"]
[Site "Praha"]
[Date "2017.07.05"]
[Round "5.8"]
[White "Pokorny, Jiri"]
[Black "Mach, Petr"]
[Result "1-0"]
[WhiteElo "1932"]
[BlackElo "1669"]
[Annotator ""]
[Source ""]
[Remark ""]

1.e4 e5 2.Nf3 Nf6 3.Nxe5 d6 4.Nf3 Nxe4 5.d4 d5 6.Bd3 Bg4 7.O-O
Be7 8.c4 Nf6 9.Nc3 dxc4 10.Bxc4 O-O 11.Be3 Nbd7 12.Qb3 Bxf3 13.gxf3
Nb6 14.Bd3 Nfd5 15.a4 a5 16.Be4 c6 17.Kh1 f5 18.Bc2 Kh8 19.Rad1
Qd7 20.Rfe1 Nb4 21.Bb1 N6d5 22.Bd2 Rae8 23.Nxd5 cxd5 24.Re5 Bh4
25.Bxb4 axb4 26.Rxd5 Qe7 27.Re5 Qd6 28.Rxf5 Rxf5 29.Bxf5 Re2
30.Bxh7 Qb8 31.d5 Rxf2 32.d6 Kxh7 33.Rd5 g6 34.Qd3 Be7 35.Rh5+
Kg7 36.dxe7 gxh5 37.Qd4+ Kf7 38.Qxf2 Qf4 39.Qe2 Qc1+ 40.Kg2 Qg5+
41.Kf1 Qc1+ 42.Qe1 Qc4+ 43.Kg2 Qc2+ 44.Kh1 Ke8 45.Qxb4 Qd1+ 46.Kg2
Qe2+ 47.Kg3 Qe5+ 48.Kh3 Qf5+ 49.Kh4 Qxf3 50.Qb5+ Kxe7 51.Qxh5
Qf4+ 52.Kh3 Qf1+ 53.Kg3 Qe1+ 54.Kg2 Qd2+ 55.Kf1 Qc1+ 56.Kf2 Qf4+
57.Kg2 Qd2+ 58.Kg3 Qe1+ 59.Kf4 Qb4+ 60.Kg5 Qxb2 61.Qh7+ Kd6 62.Qg6+
Kd5 63.Qf5+ Kc4 64.Qb5+ Qxb5+ 65.axb5 Kxb5 66.h4 Kc4 67.h5 b5
68.h6 b4 69.h7 1-0

[Event "13. Golden Prague Open"]
[Site "Praha"]
[Date "2017.07.05"]
[Round "5.9"]
[White "Fiser, Jiri"]
[Black "Drahoradova, Zuzana"]
[Result "1-0"]
[WhiteElo "1922"]
[BlackElo "1711"]
[Annotator ""]
[Source ""]
[Remark ""]

1.e4 d5 2.exd5 Qxd5 3.Nc3 Qa5 4.d4 c6 5.Nf3 Bf5 6.Bc4 e6 7.Bb3
Bb4 8.Bd2 Nf6 9.a3 Bxc3 10.Bxc3 Qc7 11.O-O Nbd7 12.Qe2 Ne4 13.Be1
Ndf6 14.Ne5 O-O 15.f3 Nd6 16.g4 Bg6 17.h4 Nd5 18.h5 f6 19.Nxg6
hxg6 20.hxg6 Rfe8 21.Qh2 f5 22.Bxd5 exd5 23.gxf5 1-0

[Event "13. Golden Prague Open"]
[Site "Praha"]
[Date "2017.07.05"]
[Round "5.10"]
[White "Maly, Filip"]
[Black "Rosenbaumova, Lea"]
[Result "1-0"]
[WhiteElo "1915"]
[BlackElo "1570"]
[Annotator ""]
[Source ""]
[Remark ""]

1.e4 e6 2.d4 d5 3.Nc3 Nf6 4.Bg5 dxe4 5.Nxe4 Be7 6.Bxf6 gxf6 7.Nf3
b6 8.Bd3 Bb7 9.Qe2 c6 10.O-O-O Qc7 11.Rhe1 Nd7 12.Kb1 O-O-O 13.g3
Rhg8 14.c4 Kb8 15.Rc1 f5 16.Nc3 Qd6 17.Bxf5 Bf6 18.Bxh7 Rh8 19.Ne4
Qe7 20.Nxf6 Nxf6 21.Bc2 Ng4 22.h3 Nf6 23.h4 Ka8 24.Rcd1 Rhe8
25.Ne5 Rh8 26.f4 Rdg8 27.Rg1 Nh5 28.Qf2 Rh6 29.g4 Ng7 30.h5 Ne8
31.Be4 c5 32.Qf3 Nd6 33.Bxb7+ Nxb7 34.dxc5 Qxc5 35.Nxf7 Rf6 36.Nd6
Qc7 37.g5 Rff8 38.h6 Rh8 39.Rge1 Qe7 40.Rxe6 1-0

[Event "13. Golden Prague Open"]
[Site "Praha"]
[Date "2017.07.05"]
[Round "5.11"]
[White "Volf, Michal"]
[Black "Bartosova, Hana"]
[Result "1-0"]
[WhiteElo "1826"]
[BlackElo "1541"]
[Annotator ""]
[Source ""]
[Remark ""]

1.e4 e6 2.d4 d5 3.e5 c5 4.c3 Nc6 5.Nf3 Bd7 6.Be2 Rc8 7.a3 cxd4
8.cxd4 Nge7 9.O-O Qb6 10.Nc3 Nf5 11.Na4 Qd8 12.b4 a6 13.Bb2 f6
14.exf6 gxf6 15.Bd3 Nh6 16.Bc1 f5 17.Bg5 Qc7 18.Re1 Rg8 19.Bxh6
Bxh6 20.Bxf5 Qf4 21.Bxe6 Bxe6 22.Rxe6+ Kf7 23.Re1 Qg4 24.g3 Bf4
25.Ne5+ Nxe5 26.dxe5 Qxd1 27.Raxd1 1-0

[Event "13. Golden Prague Open"]
[Site "Praha"]
[Date "2017.07.05"]
[Round "5.12"]
[White "Steiner, Juraj"]
[Black "Vitek, Jan"]
[Result "1-0"]
[WhiteElo "2048"]
[BlackElo "1745"]
[Annotator ""]
[Source ""]
[Remark ""]

1.d4 d5 2.c4 e6 3.Nc3 f5 4.Nf3 c6 5.Bg5 Nf6 6.e3 Bd6 7.Bh4 O-O
8.Be2 Qe8 9.Bg3 Qe7 10.Qc2 Ne4 11.Bxd6 Qxd6 12.Ne5 Nd7 13.f4
Qe7 14.Nxe4 fxe4 15.O-O Nxe5 16.fxe5 Bd7 17.c5 Qg5 18.Qd2 Rxf1+
19.Rxf1 Rf8 20.b4 Rxf1+ 21.Bxf1 b5 22.cxb6 axb6 23.a4 b5 24.a5
Bc8 25.Qf2 Qe7 26.Qe1 Ba6 27.g3 g5 28.Be2 Qf8 29.Bg4 Qe7 30.Qc3
Qd7 31.Qc5 Kf7 32.Bh5+ Kg8 33.Kg2 h6 34.Qd6 Qc8 35.Bg4 1-0

[Event "13. Golden Prague Open"]
[Site "Praha"]
[Date "2017.07.05"]
[Round "5.13"]
[White "Krobot, Jan"]
[Black "Stojkovic, Andreja"]
[Result "0-1"]
[WhiteElo "1705"]
[BlackElo "1933"]
[Annotator ""]
[Source ""]
[Remark ""]

1.d4 g6 2.Bf4 Bg7 3.c3 Nf6 4.e3 d6 5.Nd2 Nbd7 6.Be2 e5 7.Bg5
O-O 8.h4 h6 9.Bxf6 Qxf6 10.g4 Qe7 11.Qc2 exd4 12.exd4 c5 13.dxc5
dxc5 14.O-O-O Ne5 15.f3 a5 16.h5 g5 17.Nh3 Nxg4 18.Nxg5 Qxg5
19.fxg4 a4 20.a3 Be6 21.Qe4 Bd5 22.Qd3 Bxh1 23.Rxh1 Rad8 24.Qc2
Be5 25.Rd1 Bf4 26.Bd3 Kg7 27.Kb1 Bxd2 28.Rxd2 c4 29.Rf2 cxd3
30.Qxa4 d2 31.Qd1 Qe3 32.Rf1 Qd3+ 33.Ka2 Qxf1 34.Qxf1 d1Q 35.Qf5
Qd5+ 0-1

[Event "13. Golden Prague Open"]
[Site "Praha"]
[Date "2017.07.05"]
[Round "5.14"]
[White "Forman, Miroslav"]
[Black "Novotny, Josef"]
[Result "1-0"]
[WhiteElo "1832"]
[BlackElo "1738"]
[Annotator ""]
[Source ""]
[Remark ""]

1.d4 Nf6 2.g4 Nxg4 3.e4 h5 4.h3 Nf6 5.e5 Ng8 6.Bb5 c6 7.Be2 h4
8.Nc3 e6 9.Nf3 d6 10.Rg1 dxe5 11.Bg5 f6 12.Nxe5 Qa5 13.Bh5+ Ke7
14.Bd2 fxe5 15.b4 Qc7 16.Bg5+ Nf6 17.Qf3 exd4 18.Ne4 Qe5 19.Bg6
Nbd7 20.c4 dxc3 21.O-O-O c2 22.Kxc2 a5 23.Bf4 Qb5 24.Nc3 Qa6
25.b5 cxb5 26.Rd6 b6 27.Rxe6+ Kxe6 28.Re1+ Ne5 29.Qc6+ Ke7 30.Rxe5+
Kd8 31.Re8+ 1-0

[Event "13. Golden Prague Open"]
[Site "Praha"]
[Date "2017.07.05"]
[Round "5.15"]
[White "Konvalinka, Vladislav"]
[Black "Nemecek, Lukas"]
[Result "1-0"]
[WhiteElo "1761"]
[BlackElo "1641"]
[Annotator ""]
[Source ""]
[Remark ""]

1.d4 d5 2.c4 dxc4 3.e3 e6 4.Bxc4 Nf6 5.Nc3 a6 6.Bd2 b5 7.Be2
Be7 8.Nf3 Bb7 9.O-O O-O 10.Rc1 Nbd7 11.Bd3 c5 12.dxc5 Nxc5 13.Bb1
Qb6 14.Qe2 Nfe4 15.Nxe4 Nxe4 16.Rfd1 Rfd8 17.Be1 h6 18.Ne5 Nc5
19.Qh5 Rf8 20.b4 Ne4 21.Nd7 Nf6 22.Nxb6 Nxh5 23.Nxa8 Bxa8 24.Rc7 1-0

[Event "13. Golden Prague Open"]
[Site "Praha"]
[Date "2017.07.05"]
[Round "5.16"]
[White "Husa, Daniel"]
[Black "Lajsek, Tomas"]
[Result "1/2-1/2"]
[WhiteElo "1660"]
[BlackElo "1760"]
[Annotator ""]
[Source ""]
[Remark ""]

1.Nf3 g6 2.g3 d5 3.Bg2 Bg7 4.O-O Nf6 5.d3 O-O 6.Nbd2 b6 7.e4
dxe4 8.Nxe4 Nxe4 9.dxe4 Bb7 10.Qe2 c5 11.c3 Ba6 12.c4 Nc6 13.a3
Qc7 14.Rb1 Rad8 15.b4 cxb4 16.axb4 Nd4 17.Nxd4 Rxd4 18.b5 Bb7
19.Rb4 Rc8 20.Bb2 Rxc4 21.Rxc4 Qxc4 22.Qxc4 Rxc4 23.Bxg7 Kxg7
24.Ra1 Bxe4 25.Bf1 Rc7 26.Re1 f5 27.Be2 Kf6 28.f3 Ba8 29.Kf2
e5 30.Rd1 e4 31.fxe4 Bxe4 32.Ke3 Ke5 33.Rd8 Rc3+ 34.Kd2 Rc7 35.Ke3
Bd5 36.Re8+ Be6 37.Kd3 Kd6 38.Kd4 Rc8 39.Rxc8 Bxc8 40.h4 h6 41.Bd1
a5 42.bxa6 Bxa6 43.Bb3 Bc8 44.Bf7 g5 45.hxg5 hxg5 46.Bc4 Bd7
47.Bd3 Be6 48.Be2 Bd5 49.Bd3 Be4 50.Be2 Kc6 51.Ke5 Kc5 52.g4
fxg4 53.Kxe4 b5 54.Bxg4 b4 55.Be6 g4 56.Kf4 Kd4 57.Kxg4 1/2-1/2

[Event "13. Golden Prague Open"]
[Site "Praha"]
[Date "2017.07.05"]
[Round "5.17"]
[White "Drahorad, Daniel"]
[Black "Veselsky, Jan"]
[Result "1-0"]
[WhiteElo "1995"]
[BlackElo "1706"]
[Annotator ""]
[Source ""]
[Remark ""]

1.e4 c6 2.d4 d5 3.e5 Bf5 4.Be3 e6 5.Nd2 Nd7 6.Ngf3 Ne7 7.Be2
Bg4 8.O-O Qc7 9.h3 Bxf3 10.Nxf3 c5 11.c3 Nc6 12.Rc1 Be7 13.Nh2
O-O 14.f4 a6 15.f5 Kh8 16.Bd3 Rg8 17.fxe6 fxe6 18.Bxh7 g6 19.Bxg8
Rxg8 20.Ng4 Qd8 21.Nh6 Rg7 22.Nf7+ Rxf7 23.Rxf7 Nf8 24.Qg4 cxd4
25.cxd4 Qe8 26.Rcf1 Nd8 27.R7f2 Qa4 28.Rxf8+ 1-0

[Event "13. Golden Prague Open"]
[Site "Praha"]
[Date "2017.07.05"]
[Round "5.19"]
[White "Cabart, Pavel"]
[Black "Plate, Marion Helga"]
[Result "1-0"]
[WhiteElo "1725"]
[BlackElo "1564"]
[Annotator ""]
[Source ""]
[Remark ""]

1.e4 d6 2.d4 Nf6 3.Nc3 g6 4.Bg5 h6 5.Bh4 Bg7 6.Qd2 Nbd7 7.f4
c5 8.Nf3 a6 9.O-O-O cxd4 10.Nxd4 O-O 11.Be2 Nc5 12.Bf3 Qc7 13.Rhe1
e5 14.Bxf6 Bxf6 15.Nd5 Qd8 16.Nxf6+ Qxf6 17.Ne2 exf4 18.Nxf4
Na4 19.c3 g5 20.Nh5 Qg6 21.g4 Be6 22.Qd4 b5 23.Nf6+ Kg7 24.Nd7+
f6 25.Nxf8 Rxf8 26.Qxd6 Bxa2 27.Qxa6 Qe8 28.e5 Qg6 29.Be4 Qf7
30.Qxb5 Qe8 31.Bc6 Qg6 32.Rd7+ Kh8 33.Be4 Nxc3 34.bxc3 Qe8 35.Rh7+
Kg8 36.Qxe8 Rxe8 37.Ra7 1-0

[Event "13. Golden Prague Open"]
[Site "Praha"]
[Date "2017.07.05"]
[Round "5.20"]
[White "Bartos, Vaclav"]
[Black "Vit, Zdenek"]
[Result "1-0"]
[WhiteElo "1433"]
[BlackElo "1889"]
[Annotator ""]
[Source ""]
[Remark ""]

1.d4 Nf6 2.c4 g6 3.Nc3 d5 4.Nf3 Bg7 5.e3 O-O 6.Bd3 c6 7.O-O Nbd7
8.Rb1 dxc4 9.Bxc4 Nb6 10.Bd3 Be6 11.Ne5 Nfd7 12.f4 Nxe5 13.fxe5
c5 14.Be4 cxd4 15.exd4 Nd5 16.Qf3 Nxc3 17.bxc3 Bxa2 18.Rxb7 Bc4
19.Re1 a5 20.Ba3 f5 21.Bc6 Rf7 22.e6 Bxd4+ 23.cxd4 Qxd4+ 24.Qf2
Qxf2+ 25.Kxf2 Rf6 26.Rxe7 1-0

[Event "13. Golden Prague Open"]
[Site "Praha"]
[Date "2017.07.05"]
[Round "5.21"]
[White "Zednik, Petr"]
[Black "Day, Tobias"]
[Result "1/2-1/2"]
[WhiteElo "1533"]
[BlackElo "1315"]
[Annotator ""]
[Source ""]
[Remark ""]

1.e4 e5 2.Nf3 Nc6 3.Bc4 Nf6 4.d3 h6 5.O-O Bc5 6.h3 O-O 7.Nc3
d6 8.Be3 Bb6 9.a3 Na5 10.Ba2 Nc6 11.Qd2 Ne7 12.Nh4 Be6 13.Bxe6
fxe6 14.Bxb6 axb6 15.Nf3 c6 16.d4 exd4 17.Nxd4 Qd7 18.Nf3 e5
19.Rad1 Rfd8 20.Qe3 Qc7 21.Rfe1 b5 22.Ne2 Re8 23.Ng3 Rad8 24.Nh4
b6 25.Ngf5 Nxf5 26.Nxf5 d5 27.exd5 cxd5 28.Qg3 Kh7 29.Qb3 Qd7
30.Ng3 Qc6 31.Rd3 e4 32.Rd4 Qc5 33.Rb4 Rc8 34.Rxb5 Qxc2 35.Rxb6
Qxb3 36.Rxb3 d4 37.Nf5 Red8 38.Rb7 d3 39.Kf1 d2 40.Rd1 Nd5 41.g3
e3 42.Nxe3 Nxe3+ 43.fxe3 Rc1 44.Ke2 Rxd1 45.Kxd1 Rd3 46.Re7 Kg8
47.Re4 Kf7 48.g4 Rb3 49.Kxd2 Rxb2+ 50.Kc3 Rh2 51.Rf4+ Ke6 52.Rf3
Ke5 53.Kd3 Ra2 54.Rf5+ Ke6 55.Ra5 Rh2 56.Ke4 Rxh3 57.Ra6+ Ke7
58.a4 Rh4 59.Rg6 Kf7 60.Kf5 Rh3 61.Re6 Rf3+ 62.Ke4 Rxe3+ 63.Kxe3
Kxe6 64.Ke4 g6 65.a5 Kd6 66.a6 Kc7 67.Ke5 h5 68.gxh5 gxh5 1/2-1/2

[Event "13. Golden Prague Open"]
[Site "Praha"]
[Date "2017.07.05"]
[Round "5.22"]
[White "Nemecek, Pavel ml."]
[Black "Scipione, Andrea"]
[Result "1-0"]
[WhiteElo "1493"]
[BlackElo "1312"]
[Annotator ""]
[Source ""]
[Remark ""]

1.e4 c5 2.Nf3 d6 3.d4 cxd4 4.Nxd4 a6 5.Nc3 Nf6 6.f3 e6 7.Be3
Be7 8.Qd2 Nc6 9.O-O-O Nxd4 10.Bxd4 O-O 11.g4 b5 12.h4 b4 13.Ne2
d5 14.Bxf6 Bxf6 15.g5 Be7 16.exd5 exd5 17.Qxd5 Qxd5 18.Rxd5 Bb7
19.Rd3 Rfd8 20.Rxd8+ Rxd8 21.Bg2 a5 22.Rd1 Rxd1+ 23.Kxd1 Bd6
24.Nd4 Be5 25.c3 bxc3 26.bxc3 Bd5 27.a3 a4 28.Kc2 Kf8 29.f4 Bxg2
30.fxe5 Be4+ 31.Kd2 Ke7 32.c4 f6 33.gxf6+ gxf6 34.exf6+ Kxf6
35.Kc3 Ke5 36.Nb5 Ke6 37.Kb4 Bd3 38.Nc3 Kd6 39.Nxa4 Kc7 40.Nc3
Kb7 41.a4 Ka8 42.a5 Bf5 43.Kb5 h5 44.Kb6 Bc8 45.a6 Be6 46.c5
Bd7 47.a7 Bc8 48.Nd5 Bd7 49.Nc7# 1-0

[Event "13. Golden Prague Open"]
[Site "Praha"]
[Date "2017.07.05"]
[Round "5.23"]
[White "Rous, Dominik"]
[Black "Barton, Milan"]
[Result "1/2-1/2"]
[WhiteElo "1148"]
[BlackElo "1823"]
[Annotator ""]
[Source ""]
[Remark ""]

1.d4 d5 2.Bf4 Nf6 3.e3 e6 4.c3 Bd6 5.Nd2 Bxf4 6.exf4 Qd6 7.Ngf3
Nbd7 8.Bd3 O-O 9.O-O c5 10.Qe2 cxd4 11.Nxd4 a6 12.Rfe1 Qc7 13.Rac1
b5 14.Bb1 Re8 15.b3 Bb7 16.c4 bxc4 17.bxc4 Qxf4 18.N4f3 d4 19.Ne4
Rad8 20.Nxf6+ Nxf6 21.Qd3 Bxf3 22.Qxf3 Qxf3 23.gxf3 d3 24.Red1
d2 25.Rc3 Rd4 26.Rd3 Red8 27.R1xd2 Rxd3 28.Rxd3 Rxd3 29.Bxd3
Nd7 30.Kf1 Nc5 31.Ke2 e5 32.Ke3 g6 33.Be4 f5 34.Bd5+ Kg7 35.f4
Kf6 36.fxe5+ Kxe5 37.f4+ Kd6 38.Kd4 h6 39.h4 Nd7 40.Bf7 Nf8 41.c5+
Ke7 42.c6 Kd6 43.Be8 Ne6+ 44.Kc4 g5 45.hxg5 hxg5 46.fxg5 Nxg5
47.Kb4 f4 48.Ka5 Kc7 49.Kxa6 f3 50.Bh5 f2 51.Be2 Kxc6 52.Bb5+
Kc5 53.Be2 Kb4 1/2-1/2

[Event "13. Golden Prague Open"]
[Site "Praha"]
[Date "2017.07.05"]
[Round "5.24"]
[White "Zubek, Rudolf"]
[Black "Bara, Josef"]
[Result "0-1"]
[WhiteElo "1349"]
[BlackElo "1383"]
[Annotator ""]
[Source ""]
[Remark ""]

1.e4 e6 2.d4 d5 3.e5 c5 4.Nf3 Nc6 5.Bb5 Bd7 6.O-O Nxe5 7.Bxd7+
Nxd7 8.Re1 Ngf6 9.Nc3 Be7 10.Bg5 O-O 11.b3 Qb6 12.Qd3 Rac8 13.Ne5
Bd6 14.f3 cxd4 15.Na4 Qc7 16.Bf4 Nxe5 17.Qxd4 Nc6 18.Bxd6 Qxd6
19.Qh4 Nb4 20.Re2 Rxc2 21.Rxc2 Nxc2 22.Rc1 Qb4 23.Rxc2 Qxh4 0-1

[Event "13. Golden Prague Open"]
[Site "Praha"]
[Date "2017.07.05"]
[Round "5.25"]
[White "Vavrova, Jirina"]
[Black "Rezek, Filip"]
[Result "0-1"]
[WhiteElo "1095"]
[BlackElo "1435"]
[Annotator ""]
[Source ""]
[Remark ""]

1.e4 c6 2.e5 e6 3.Nf3 d5 4.d4 c5 5.Nc3 cxd4 6.Qxd4 Nc6 7.Qe3
d4 8.Nxd4 Qxd4 9.Qe4 Qxe4+ 10.Nxe4 Nxe5 11.Bb5+ Bd7 12.Be2 Bc6
13.Ng5 Bxg2 14.Rg1 Bc6 15.Bf4 Ng6 16.Bc7 Nf6 17.O-O-O Bc5 18.Rgf1
O-O 19.f3 Be3+ 20.Kb1 Bxg5 21.Rg1 Be3 22.Rg3 Bf4 23.Bxf4 Nxf4
24.Bc4 N6d5 25.Rdg1 g6 26.a3 Ne3 27.Bb3 Ne2 28.Re1 Nxg3 29.hxg3
Nf5 30.g4 Nd4 31.Bc4 Nxf3 32.Rd1 Rad8 33.Bd3 Be4 34.Kc1 Bxd3
35.cxd3 Rc8+ 36.Kb1 Rc6 37.Ka2 Nd4 38.b4 Rfc8 39.Rd2 Rc2+ 40.Rxc2
Rxc2+ 41.Kb1 Rg2 42.g5 Kf8 43.a4 a5 44.bxa5 Ke7 45.Kc1 Kd6 46.Kd1
Re2 47.a6 bxa6 48.a5 Kc5 49.Kc1 Kb4 50.Kd1 Kc3 51.Kc1 Re1# 0-1